| 000 | 00550nam a2200181Ia 4500 | ||
|---|---|---|---|
| 003 | GCL | ||
| 008 | 140319s9999 xx 000 0 ara d | ||
| 040 |
_aGCL / _cGCL |
||
| 082 | 0 | 4 |
_a621.56 _bا ت |
| 100 | 1 | _aاحمد ناصيف | |
| 245 | 1 | 0 |
_aالتدفئة المركزية أسئلة واجوبة / _cاحمد ناصيف |
| 300 | _a190 ص | ||
| 490 |
_aالسلسلة العلمية المبسطة _v0 |
||
| 650 | 0 | 4 | _aالهندسة الالكترونية |
| 650 | 0 | 4 | _aتكييف الهواء |
| 650 | 0 | 4 | _aالتدفئة |
| 942 |
_2ddc _cBK |
||
| 999 |
_c44788 _d44788 |
||